Every Driver to Flip Since 2020 in NASCAR - Statistics

General Stats
  • This quiz has been taken 91 times
    25 since last reset
  • The average score is 15 of 20
Answer Stats
Hint Answer % Correct
2023 Cup Series Daytona Ryan Preece
100%
2025 Cup Series Daytona Ryan Preece
100%
2022 Cup Series Charlotte Chris Buescher
91%
2021 Cup Series Talladega Joey Logano
86%
2020 Cup Series Daytona Ryan Newman
86%
2024 Cup Series Las Vegas Tyler Reddick
86%
2024 Cup Series Talladega Corey LaJoie
82%
2024 Cup Series Michigan Corey LaJoie
82%
2024 Cup Series Daytona Josh Berry
77%
2022 Xfinity Series Daytona Myatt Snider
73%
2020 Xfinity Series Kansas Anthony Alfredo
68%
2022 Cup Series Daytona Harrison Burton
68%
2022 Xfinity Series Pocono Jeb Burton
68%
2023 Xfinity Series Talladega Blaine Perkins
64%
2023 Xfinity Series Talladega Daniel Hemric
64%
2022 Truck Series Knoxville Jessica Friesen
64%
2023 Xfinity Series Daytona Sam Mayer
64%
2024 Truck Series Daytona Taylor Gray
55%
2020 Truck Series Daytona Ty Majeski
55%
2024 Xfinity Series Michigan Kyle Seig
50%
No matching quizzes found
Score Distribution
Percent of People with Each Score
Percentile by Number Answered
Your Score History
You have not taken this quiz since the last reset